00437nam a2200157Ia 4500008004100000040001900041041001200060082002000072245002900092260004000121300002900161440004200190504001900232650001400251850001400265131103s9999 xx 000 0 und d aLoreto College aEnglish aREFbLCBED/7099 aRoads bridges and tunnls aLondonbMacdonald educationalc1969 a61p.b ill.,pic.c 21cm. aMacdonald junioror refarence library  aIncludes index aRefarence aLCBED/REF